Lloyd's introduction to jurisprudence / (Record no. 11797)

MARC details
000 -LEADER
fixed length control field 00912cam a22002652 4500
001 - CONTROL NUMBER
control field 0000025551
005 - DATE AND TIME OF LATEST TRANSACTION
control field 20151217154558.0
008 - FIXED-LENGTH DATA ELEMENTS--GENERAL INFORMATION
fixed length control field 151024s xx 000 0 eng d
020 ## - INTERNATIONAL STANDARD BOOK NUMBER
International Standard Book Number 0414026728 :
040 ## - CATALOGING SOURCE
Original cataloging agency KABU
Transcribing agency KABU
100 1# - MAIN ENTRY--PERSONAL NAME
Personal name Freeman, Michael D. A.
-- 0000177804
245 10 - TITLE STATEMENT
Title Lloyd's introduction to jurisprudence /
Statement of responsibility, etc. Michael D. A. Freeman.
250 ## - EDITION STATEMENT
Edition statement 9th ed.
260 ## - PUBLICATION, DISTRIBUTION, ETC. (IMPRINT)
Place of publication, distribution, etc. London :
Name of publisher, distributor, etc. Sweet & Maxwell,
Date of publication, distribution, etc. 2014.
300 ## - PHYSICAL DESCRIPTION
Extent xlii, 1617 p.
650 #0 - SUBJECT ADDED ENTRY--TOPICAL TERM
Topical term or geographic name as entry element Law
General subdivision Philosophy.
-- 0000177805
650 #0 - SUBJECT ADDED ENTRY--TOPICAL TERM
Topical term or geographic name as entry element Law
General subdivision Methodology.
-- 0000153283
650 #0 - SUBJECT ADDED ENTRY--TOPICAL TERM
Topical term or geographic name as entry element Jurisprudence.
-- 0000153282
852 1# - LOCATION
-- p10950 KES
852 1# - LOCATION
-- p10950 KES
852 1# - LOCATION
-- p10950 KES
852 1# - LOCATION
-- p10950 KES
908 ## - PUT COMMAND PARAMETER (RLIN)
Put command parameter 151024
950 ## - LOCAL HOLDINGS (RLIN)
-- 1
Holdings
Withdrawn status Lost status Source of classification or shelving scheme Not for loan Home library Current library Date acquired Total Checkouts Total Renewals Full call number Barcode Date last seen Date last checked out Price effective from Koha item type Damaged status Checked out
    Library of Congress Classification   Kabarak, Main Campus Kabarak, Main Campus 17/12/2015 22 6 K230 .F74 2014 c. 1 021262 30/01/2026 14/01/2026 17/12/2015 General Collection    
    Library of Congress Classification   Kabarak, Main Campus Kabarak, Main Campus 17/12/2015 19 1 K230 .F74 2014 c. 8 021264 06/03/2023 13/02/2023 17/12/2015 General Collection    
  Lost Library of Congress Classification   Kabarak, Main Campus Kabarak, Main Campus 17/12/2015 3   K230 .F74 2014 c. 4 021331 17/07/2018 17/07/2018 17/12/2015 General Collection    
    Library of Congress Classification   Kabarak, Main Campus Kabarak, Main Campus 17/12/2015 16 2 K230 .F74 2014 c. 2 021271 12/02/2026 21/01/2026 17/12/2015 General Collection    
    Library of Congress Classification   Kabarak, Main Campus Kabarak, Main Campus 17/12/2015 15 4 K230 .F74 2014 c. 7 021266 14/04/2026 23/03/2026 17/12/2015 General Collection    
    Library of Congress Classification   Kabarak, Main Campus Kabarak, Main Campus 17/12/2015 14 3 K230 .F74 2014 c. 3 021328 07/11/2024 07/10/2024 17/12/2015 General Collection    
    Library of Congress Classification   Kabarak, Main Campus Kabarak, Main Campus 17/12/2015 13 1 K230 .F74 2014 c. 9 021270 25/09/2024 25/09/2024 17/12/2015 General Collection   11/10/2024
    Library of Congress Classification   Kabarak, Main Campus Kabarak, Main Campus 17/12/2015 14 2 K230 .F74 2014 c. 6 021329 16/09/2022 16/09/2022 17/12/2015 General Collection   19/10/2022
    Library of Congress Classification   Kabarak, Main Campus Kabarak, Main Campus 17/12/2015 29 2 K230 .F74 2014 c. 5 021268 27/05/2025 14/02/2025 17/12/2015 General Collection    
    Library of Congress Classification   Kabarak, Main Campus Kabarak, Main Campus 17/12/2015 23 3 K230 .F74 2014 c. 10 021269 02/02/2026 14/01/2026 17/12/2015 General Collection    
Designed with assistance from East African Informatics Ltd